| 000 | 00732cas a2200229 a 4500 | ||
|---|---|---|---|
| 001 | 27184 | ||
| 003 | BD-RjUL | ||
| 005 | 20211209051125.0 | ||
| 008 | 821223s1966 pk uu f0 a0eng | ||
| 035 |
_a(OCoLC)ocm09078358 _a(BD-RjUL)27256 |
||
| 040 |
_aDLC _beng _cDLC _dOCoLC _dBD-RjUL |
||
| 041 | _aeng | ||
| 082 | 0 |
_a954.91005 _219 _bINT 1966 |
|
| 245 | 0 | 0 |
_aIntroducing Pakistan / _cedited by Muzaffar qqdir and Iftikhar Ahmad. |
| 260 |
_aKarachi : _bNational Institute of Public Administration, _c1966. |
||
| 300 |
_axi, 283 p. : _bmaps ; _c26 cm. |
||
| 651 | 0 |
_aPakistan. _983446 |
|
| 710 | 2 |
_aNational Institute of Public Administration (Karachi, Pakistan) _983447 |
|
| 942 |
_2ddc _cBK |
||
| 999 |
_c27184 _d27184 |
||